Statistiken für Monster High Charaktere Erraten

Klicken Sie hier um das Quiz zu spielen!

Allgemein

  • Dieses Quiz wurde 76 mal gespielt
  • Das Durchschnittsergebnis liegt bei 6 aus 8

Antwortstatistiken

Antwort% Korrekt
Frankie Stein
98%
Draculaura
94%
Clawd Wolf
89%
Cleo de Nile
88%
Clawdeen Wolf
78%
Lagoona Blue
78%
Abbey Bominable
69%
Ghoulia Yelps
50%

Verteilung der Resultate

Perzentil nach korrekt beantworteten Fragen

Anzahl Personen mit jedem Resultat

Ihre Resultats-Entwicklung

Sie haben dieses Quiz noch nicht gespielt